Представление документа в формате RUSMARC

ПолеНазваниеЗначение
  Тип записи a
  Библиографический уровень m
001 Контрольный номер 2e6ceed1d1f94347815c3b1dff8c042c
005 Дата корректировки 20201206205155.4
010 Индекс ISBN __
a ISBN 978-5-9973-4918-9
d Цена 273-02, 150 экз.
100 Данные общей обработки __
a Данные общей обработки 19190205d2018||||||| 0rusy0189 ca
101 Язык документа 0_
a Язык текста rus
102 Страна публикации __
a Страна публикации RU|
102 Страна публикации __
a Страна публикации RU
105 Кодированные данные (монография) __
a Кодированные данные (монография) #||||||||00zy
200 Заглавие и сведения об ответственности 1_
a Заглавие Танец бабочки
e Сведения, относящиеся к заглавию роман
f Первые сведения об ответственности Юлия Обухова
b Общее обозначение материала Текст
210 Выходные данные __
a Место издания Москва
c Издательство Спутник+
d Дата издания 2018
215 Физическое описание __
a Объем 99 с.
d Формат 21 см
330 Аннотация __
a Аннотация Главная героиня романа - талантливый психотерапевт по имени Софья. Несколько лет назад она пережила огромную личную трагедию. Ее любимый и любящий муж погиб в автокатастрофе. Софья до сих пор не может смириться с его потерей, но любимая работа и маленькие пациенты занимают все ее мысли и время. Лучшим подругам Софьи удается вытащить ее немного отдохнуть в солнечную Италию, где после загадочной встречи с ясновидящей Софья узнает тайну о своем происхождении и о проклятии, которое преследует всех ее родных по женской линии и будет преследовать всю ее жизнь. Вернувшись из отпуска, Софья совершенно неожиданно встречает свою новую любовь. Ее переполняют чувства, которые она уже никогда не рассчитывала испытать, но, оказывается, впереди ее ждет череда нелегких испытаний...
333 Примечание о целевом назначении __
a Примечание о целевом назначении 18+. Запрещено для детей
606 Тематические рубрики __
a Основная рубрика Художественная литература
606 Тематические рубрики __
a Основная рубрика Современная русская литература (произведения)
610 Ключевые слова __
a Ключевые слова женская проза
610 Ключевые слова __
a Ключевые слова женские романы
610 Ключевые слова __
a Ключевые слова романы
610 Ключевые слова __
a Ключевые слова современная проза
610 Ключевые слова __
a Ключевые слова современные романы
610 Ключевые слова __
a Ключевые слова тема женщины
610 Ключевые слова __
a Ключевые слова любовные романы
610 Ключевые слова __
a Ключевые слова тема трагедии
610 Ключевые слова __
a Ключевые слова тема проклятий
610 Ключевые слова __
a Ключевые слова тема испытаний
686 Индексы других классификаций __
2 Код системы rubbks
a Классификационный индекс 84(2=411.2)6-4; ст84(2=411.2)6-4
700 Автор _1
a Фамилия Обухова
b Имя Ю. А.
g Полное личное имя Юлия Александровна
4 Код отношения 070
801 Источник записи _0
a Страна RU
b Организация Муниципальное бюджетное учреждение культуры "Централизованная библиотечная система" г. Сургут (Центральная городская библиотека им. А. С. Пушкина)
c Дата составления 20190205
g Правила каталогизации PSBO
801 Источник записи _1
a Страна RU
b Организация Муниципальное бюджетное учреждение культуры "Централизованная библиотечная система" г. Сургут (Центральная городская библиотека им. А. С. Пушкина)
c Дата составления 20190205
g Правила каталогизации PSBO
852 Данные о местонахождении __
j Шифр хранения 84(2=411.2)6-4
i Авторский знак О-26
901 Тип документа __
t Тип документа m
a Ответственный КиК/Мамарузиева
903 Характеристики (МАРС) __
a Дата передачи 20190205
990 Данные о заказе (DOS) __
j Количество экземпляров (DOS) 2
t N записи в КСУ для И/У (DOS) 201902